000 00654 a2200169 4500
001 139453
040 _cLeonardo Da Vinci
041 _aPortuguês
082 _a574 L855ba
_bL855ba
100 _aLOPES, Sônia Godoy Bueno Carvalho
245 _aBIO: livro amarelo
_bbiologia: segundo grau
260 _bSaraiva
_c1985
_aSão Paulo
300 _a280
362 _a19850000
697 _aBiologia
_aSeres vivos
_aVírus
_aBactérias
_aReprodução
_aCélula
_aFungos
_aAlgas
_aProtozoários
_aPlantas
_aFisiologia
_aTranspiração
_aRespiração
_aAnimais
_aInvertebrados
_aVertebrados
_aAnatomia
_aCirculaçao
_aExcreção
_aSistema nervoso
_aEnsino Médio
942 _cBK
999 _c139453
_d139453